| 000 | 00706cam a22002531 4500 | ||
|---|---|---|---|
| 001 | 6525717 | ||
| 005 | 20180312101257.0 | ||
| 008 | 731010m19561958enkab 000 0 eng c | ||
| 010 | _a 56003775 | ||
| 035 | _a(OCoLC)715491 | ||
| 040 |
_aRosenwald Coll. _cOKentU _dOCoLC _dDLC |
||
| 041 | _aeng | ||
| 042 | _apremarc | ||
| 080 | _a942 CHUR | ||
| 082 | _a942 CHUR | ||
| 100 | 1 | _a16 | |
| 101 | _aHIS | ||
| 245 | 1 | 2 | _aA history of the English-speaking peoples. |
| 510 | 4 |
_aLibrary of Congress. Lessing J. Rosenwald collection, _c2301 |
|
| 906 |
_a7 _bcbc _coclcrpl _du _encip _f19 _gy-gencatlg |
||
| 942 |
_2ddc _cBK |
||
| 987 |
_bRBSCDRECON _c20171025 _dr _fBIB FILE MAINT. |
||
| 999 |
_c44791 _d44791 |
||